01014aam a2200289 i 4500001000400000003000900004005001700013008004100030020001800071040004800089041000800137082001800145245011000163260003300273264004400306264001200350300001700362336002700379337003300406338002800439500005500467653002300522942000700545945001500552952014000567999001700707432CO-MdBIC20210828093507.0210828t1989 ck bd||| |||| 00| 0 eng d a958-614-253-1 bspa.aCO-MdFUSBcCO-MdFUSBdCO-MdFUSBCerda aspa04aR 986.1 T596p10aEra Republicana / Gloria Zea, Dirección del proyecto, Jaime Jaramillo Uribe, Director científico.c/  aBogotá, Colombia : Planeta 1aBogotá, Colombia : bPlaneta,c[1989] 4c© 1989 a359 Pag.c;  2rdacontentatextobtxt 2rdamediaasin mediaciónbn 2rdacarrieravolumenbnc aTítulo original : Manual de historia de Colombia aColombiaahistoria cBK aestudiante 00102ddc40708REFaFUSBCbFUSBCd2004-09-15l0oR 986.1 T596p p12170r2019-12-12 00:00:00tVol.1c,ej.1w2016-01-26yREFB0IINV2023 c31961d31961